000 00777nam a2200217Ia 4500
003 GCL
008 140319s9999 xx 000 0 ara d
020 _a1499345977
040 _aGCL /
_cGCL
082 0 4 _a005.3
_bا ت
100 1 _aامين عبدالمعبود
245 1 0 _aتعلم ستاد برو 2001 فى لمح البصر /
_cامين عبدالمعبود
250 _aالاولى
260 _aالقاهرة :
_bدار الفاروق للنشر والتوزيع ،
_c2003
300 _a352 ص ؛
_c24 سم
650 0 4 _aالحاسبات الالكترونية - برامج
650 0 4 _aالحاسبات الالكترونية - لغات
650 0 4 _aالبرمجة (حاسبات الكترونية)
650 0 4 _aستاد برو 2001
942 _2ddc
_cBK
999 _c7219
_d7219